Gulf women / (Record no. 18651)
[ view plain ]
| 000 -LEADER | |
|---|---|
| fixed length control field | 01057pam a2200301 a 4500 |
| 001 - CONTROL NUMBER | |
| control field | 015861123 |
| 003 - CONTROL NUMBER IDENTIFIER | |
| control field | OSt |
| 005 - DATE AND TIME OF LATEST TRANSACTION | |
| control field | 20141119151505.0 |
| 008 - FIXED-LENGTH DATA ELEMENTS--GENERAL INFORMATION | |
| fixed length control field | 120229s2012 qa ao frbd 001 0 eng d |
| 020 ## - INTERNATIONAL STANDARD BOOK NUMBER | |
| International Standard Book Number | 9789992142684 (pbk.) |
| 020 ## - INTERNATIONAL STANDARD BOOK NUMBER | |
| International Standard Book Number | 9992142685 (pbk.) |
| 040 ## - CATALOGING SOURCE | |
| Original cataloging agency | StDuBDS |
| Language of cataloging | eng |
| Transcribing agency | StDuBDS |
| Modifying agency | StEdNL |
| -- | Uk |
| -- | EG-ScBUE |
| 043 ## - GEOGRAPHIC AREA CODE | |
| Geographic area code | ap----- |
| 082 00 - DEWEY DECIMAL CLASSIFICATION NUMBER | |
| Classification number | 305.40953 |
| Edition number | 22 |
| Item number | GUL |
| 245 00 - TITLE STATEMENT | |
| Title | Gulf women / |
| Statement of responsibility, etc | edited by Amira El-Azhary Sonbol. |
| 260 ## - PUBLICATION, DISTRIBUTION, ETC. (IMPRINT) | |
| Place of publication, distribution, etc | Doha : |
| Name of publisher, distributor, etc | Bloomsbury Qatar Foundation, |
| Date of publication, distribution, etc | 2012 |
| Place of manufacture | ([London] : |
| Manufacturer | Clays Ltd.) |
| 300 ## - PHYSICAL DESCRIPTION | |
| Extent | x, 454 p. : |
| Other physical details | photograph, tables ; |
| Dimensions | 24 cm. |
| 500 ## - GENERAL NOTE | |
| General note | Glossary : p. 429-435. |
| 500 ## - GENERAL NOTE | |
| General note | Index : p. 439-454. |
| 504 ## - BIBLIOGRAPHY, ETC. NOTE | |
| Bibliography, etc | Bibliography : p. 407-428. |
| 650 #0 - SUBJECT ADDED ENTRY--TOPICAL TERM | |
| Topical term or geographic name as entry element | Women |
| Geographic subdivision | Persian Gulf Region |
| General subdivision | Social conditions |
| 9 (RLIN) | 36616 |
| 650 #0 - SUBJECT ADDED ENTRY--TOPICAL TERM | |
| Topical term or geographic name as entry element | Women |
| Geographic subdivision | Persian Gulf Region |
| General subdivision | Economic conditions |
| 9 (RLIN) | 36617 |
| 650 #0 - SUBJECT ADDED ENTRY--TOPICAL TERM | |
| Topical term or geographic name as entry element | Women and literature |
| Geographic subdivision | Persian Gulf Region |
| 9 (RLIN) | 36618 |
| 653 ## - INDEX TERM--UNCONTROLLED | |
| Resource For college | Generalities |
| Arrived date list | November2014 |
| 655 ## - INDEX TERM--GENRE/FORM | |
| Form subdivision | |
| -- | 34232 |
| 700 1# - ADDED ENTRY--PERSONAL NAME | |
| Personal name | Sonbol, Amira El Azhary |
| Relator term | editor. |
| 9 (RLIN) | 36615 |
| 942 ## - ADDED ENTRY ELEMENTS (KOHA) | |
| Source of classification or shelving scheme | Dewey Decimal Classification |
| Call number prefix | 305.40953 GUL |
| Withdrawn status | Item status | Source of classification or shelving scheme | Damaged status | Not for loan | Vendor | Home library | Current library | Shelving location | Date acquired | Source of acquisition | Cost, normal purchase price | Total Checkouts | Full call number | Barcode | Date last seen | Cost, replacement price | Koha item type |
|---|---|---|---|---|---|---|---|---|---|---|---|---|---|---|---|---|---|
| Dewey Decimal Classification | سور الازبكية | Central Library | Central Library | First floor | 19/11/2014 | 30.00 | 305.40953 GUL | 000037034 | 15/07/2025 | 37.50 | NB - Book (Non borrowing) |